ZÁCHRANNÝ VÝSKUM VO VEĽKÝCH KOSIHÁCH-OKÁNIKOVE

Bibliographic Details
Main Author: Točík, Anton, 1918-1994 (Author)
Format: Article
Language:Slovak
Subjects:

MARC

LEADER 00000nab a2200000 a 4500
001 vtls010714612
003 SK-MaSNL
005 20260304194326.0
008 250709s1978 xo |||||||||||||||||slo|
035 |a (urnnbn)urn:nbn:sk:snk:ar-a04dri 
035 |a (uuid)79cafb39-34f3-4679-a9ca-5bd655de0339 
035 |a urn:nbn:sk:snk-ab3h19 
040 |a SNKBUCL  |b slo  |c SNKBUCL  |e AACR2 
041 0 |a slo 
044 |a xo  |c SK 
100 1 |a Točík, Anton,  |d 1918-1994  |4 aut  |9 37554 
245 1 0 |a ZÁCHRANNÝ VÝSKUM VO VEĽKÝCH KOSIHÁCH-OKÁNIKOVE  |c Anton Točík 
650 0 7 |a archeologické nálezy  |2 SNKPH  |9 4975 
650 0 7 |a archeologické výskumy  |2 SNKPH  |9 74796 
651 7 |a Veľké Kosihy (Slovensko)  |2 SNKPHgeo  |9 108201 
773 0 |t Archeologické výskumy a nálezy na Slovensku v roku ...  |g Roč. 4, č. 4 (1978), s. 272-275 
850 |a Slovenská národná knižnica 
852 |a Slovenská národná knižnica 
954 |a odborná, vedecká literatúra pôvodná (slovenská)  |2 lita 
958 |a article1 
958 |a OND 
958 |a EUIPO 
999 |c 3073621  |d 3075551